<?xml version="1.0" encoding="UTF-8"?>
<record
    xmlns:xsi="http://www.w3.org/2001/XMLSchema-instance"
    xsi:schemaLocation="http://www.loc.gov/MARC21/slim http://www.loc.gov/standards/marcxml/schema/MARC21slim.xsd"
    xmlns="http://www.loc.gov/MARC21/slim">

  <leader>02860nam a2200349 a 4500</leader>
  <controlfield tag="003">OSt</controlfield>
  <controlfield tag="005">20250708142849.0</controlfield>
  <controlfield tag="007">cr ||||||a|a|a</controlfield>
  <controlfield tag="008">250624s2025    mx a|||fom||| 001 0 spa d</controlfield>
  <datafield tag="040" ind1=" " ind2=" ">
    <subfield code="e">rda</subfield>
  </datafield>
  <datafield tag="100" ind1="1" ind2=" ">
    <subfield code="a">Roblero L&#xF3;pez, Miguel Angel</subfield>
    <subfield code="9">190512</subfield>
  </datafield>
  <datafield tag="245" ind1="1" ind2="0">
    <subfield code="a">Evaluaci&#xF3;n de fungicidas para el control del requemo (Phoma sp.) en el cultivo de caf&#xE9; (Coffea arabica L.) en el triunfo, Escuintla, Chiapas/</subfield>
    <subfield code="c">por Miguel Angel Roblero L&#xF3;pez; director de tesis Santos Gerardo Leyva Mir; secretario Moises Camacho Tapia; vocal Isabel Nativitas Lima; suplente Candelario Santillan Ortega; suplente Calixto Leopoldo Carrillo Fonseca.</subfield>
  </datafield>
  <datafield tag="264" ind1=" " ind2="1">
    <subfield code="a">Chapingo, M&#xE9;xico :</subfield>
    <subfield code="b">El autor,</subfield>
    <subfield code="c">2024.</subfield>
  </datafield>
  <datafield tag="300" ind1=" " ind2=" ">
    <subfield code="a">1 recurso en l&#xED;nea (69 p&#xE1;ginas):</subfield>
    <subfield code="b">cuadros, figuras.</subfield>
  </datafield>
  <datafield tag="336" ind1=" " ind2=" ">
    <subfield code="2">rdacontent</subfield>
    <subfield code="a">texto</subfield>
    <subfield code="b">txt</subfield>
  </datafield>
  <datafield tag="337" ind1=" " ind2=" ">
    <subfield code="2">rdamedia</subfield>
    <subfield code="a">computadora</subfield>
    <subfield code="b">c</subfield>
  </datafield>
  <datafield tag="338" ind1=" " ind2=" ">
    <subfield code="2">rdacarrier</subfield>
    <subfield code="a">recurso en l&#xED;nea</subfield>
    <subfield code="b">cr</subfield>
  </datafield>
  <datafield tag="502" ind1=" " ind2=" ">
    <subfield code="b">IAEPA</subfield>
    <subfield code="c">Parasitolog&#xED;a</subfield>
    <subfield code="d">2024.</subfield>
    <subfield code="g">LIC</subfield>
  </datafield>
  <datafield tag="504" ind1=" " ind2=" ">
    <subfield code="a">Incluye referencias bibliogr&#xE1;ficas: p&#xE1;ginas 60-61.</subfield>
  </datafield>
  <datafield tag="520" ind1=" " ind2=" ">
    <subfield code="a">El caf&#xE9; (Coffea arabica) en pa&#xED;ses como M&#xE9;xico cuenta con una muy buena calidad de taza apreciada por sus consumidores, llegando a tener alta demanda de exportaci&#xF3;n en los denominados caf&#xE9;s de especialidad. En Chiapas, estado con mayor producci&#xF3;n del pa&#xED;s se han observado en a&#xF1;os recientes plantas con s&#xED;ntomas de requemo en hojas j&#xF3;venes. Por tal, el objetivo de la presente investigaci&#xF3;n fue determinar el agente causal del requemo del caf&#xE9; detectado en plantas de predios pertenecientes a El Triunfo, Escuintla. Adem&#xE1;s de la creaci&#xF3;n de una escala de severidad para realizar evaluaciones en campo, as&#xED; como la evaluaci&#xF3;n de fungicidas para el combate de esta enfermedad en campo. La identificaci&#xF3;n del pat&#xF3;geno se realiz&#xF3; a trav&#xE9;s de caracter&#xED;sticas como el color y textura de la colonia en medios de PDA, tambi&#xE9;n con pruebas de patogenicidad utilizando los postulados de Koch, resultando en caracter&#xED;sticas t&#xED;picas de Phoma sp. La escala diagram&#xE1;tica de severidad consisti&#xF3; en 6 clases (0-5). Los fungicidas con mayor efectividad en el combate contra Phoma sp. fueron Boscalid + Pyraclostrobin (Cabrio C) y Clorotalonil (Daconil).</subfield>
  </datafield>
  <datafield tag="650" ind1=" " ind2="4">
    <subfield code="a">Phoma</subfield>
    <subfield code="x">Control</subfield>
    <subfield code="9">190780</subfield>
  </datafield>
  <datafield tag="650" ind1=" " ind2="4">
    <subfield code="a">Fungicidas</subfield>
    <subfield code="x">An&#xE1;lisis</subfield>
    <subfield code="9">44045</subfield>
  </datafield>
  <datafield tag="650" ind1=" " ind2="4">
    <subfield code="a">Hongos fitopat&#xF3;genos</subfield>
    <subfield code="x">Control</subfield>
    <subfield code="9">129457</subfield>
  </datafield>
  <datafield tag="650" ind1=" " ind2="4">
    <subfield code="a">Caf&#xE9;</subfield>
    <subfield code="x">Enfermedades por hongos</subfield>
    <subfield code="9">17139</subfield>
  </datafield>
  <datafield tag="700" ind1="1" ind2=" ">
    <subfield code="a">Leyva Mir, Santos Gerardo</subfield>
    <subfield code="e">director de tesis.</subfield>
    <subfield code="9">66581</subfield>
  </datafield>
  <datafield tag="700" ind1="1" ind2=" ">
    <subfield code="a">Camacho Tapia, Moises</subfield>
    <subfield code="9">17710</subfield>
    <subfield code="e">secretario.</subfield>
  </datafield>
  <datafield tag="700" ind1="1" ind2=" ">
    <subfield code="a">Nativitas Lima, Isabel</subfield>
    <subfield code="9">129577</subfield>
    <subfield code="e">vocal.</subfield>
  </datafield>
  <datafield tag="700" ind1="1" ind2=" ">
    <subfield code="a">Santill&#xE1;n Ortega, Candelario</subfield>
    <subfield code="9">102429</subfield>
    <subfield code="e">suplente.</subfield>
  </datafield>
  <datafield tag="700" ind1="1" ind2=" ">
    <subfield code="a">Carrillo Fonseca, Calixto Leopoldo</subfield>
    <subfield code="e">suplente.</subfield>
    <subfield code="9">19482</subfield>
  </datafield>
  <datafield tag="856" ind1=" " ind2=" ">
    <subfield code="u">http://10.13.5.2/tesis/tl/1712264-1_ROBLERO_LOPEZ_MIGUELANGEL.pdf</subfield>
    <subfield code="z">DESCARGAR PDF</subfield>
  </datafield>
  <datafield tag="942" ind1=" " ind2=" ">
    <subfield code="2">Clasificaci&#xF3;n Universidad Aut&#xF3;noma Chapingo</subfield>
    <subfield code="c">TD</subfield>
  </datafield>
  <datafield tag="999" ind1=" " ind2=" ">
    <subfield code="c">220685</subfield>
    <subfield code="d">220685</subfield>
  </datafield>
  <datafield tag="952" ind1=" " ind2=" ">
    <subfield code="0">0</subfield>
    <subfield code="1">0</subfield>
    <subfield code="2">local</subfield>
    <subfield code="4">0</subfield>
    <subfield code="5">1</subfield>
    <subfield code="7">0</subfield>
    <subfield code="8">TesDigL</subfield>
    <subfield code="a">BD</subfield>
    <subfield code="b">BD</subfield>
    <subfield code="c">E_L</subfield>
    <subfield code="d">2025-06-24</subfield>
    <subfield code="l">0</subfield>
    <subfield code="o">Tesis digital</subfield>
    <subfield code="r">2025-06-24 14:56:34</subfield>
    <subfield code="w">2025-06-24</subfield>
    <subfield code="y">TD</subfield>
  </datafield>
</record>
